Renyah

Bibliographic Details
Main Author: Gunawan Mahmood
Format: Book
Published: Kuala Lumpur : Utusan Publication& Distr. , 1995
Subjects:

MARC

LEADER 00000cam a2200000 7i4500
001 0000003040
005 20050422.0
020 |a 9676105783 
040 |a INS 
090 0 0 |a PL5186.G975   |b R46 1995 
100 1 |a Gunawan Mahmood 
245 1 0 |a Renyah   |c Gunawan Mahmood 
260 |a Kuala Lumpur :   |b Utusan Publication& Distr. ,   |c 1995 
300 |a 259p ;   |c 17cm. 
650 0 0 |a Malayfiction 
999 |a 0000006072   |b BOOK   |c Open Shelf   |e Default branch